Operating Systems - A Concept - Based Approach (Record no. 16408)
[ view plain ]
| 000 -LEADER | |
|---|---|
| fixed length control field | 00300nam a2200121Ia 4500 |
| 008 - FIXED-LENGTH DATA ELEMENTS--GENERAL INFORMATION | |
| fixed length control field | 221030s9999 xx 000 0 und d |
| 041 ## - LANGUAGE CODE | |
| Language code of text/sound track or separate title | |
| 100 ## - MAIN ENTRY--AUTHOR NAME | |
| Personal name | D. M Dhamdhere |
| 245 #0 - TITLE STATEMENT | |
| Title | Operating Systems - A Concept - Based Approach |
| Statement of responsibility, etc | by D. M Dhamdhere |
| 260 ## - PUBLICATION, DISTRIBUTION, ETC. (IMPRINT) | |
| Year of publication | 0 |
| 650 ## - SUBJECT ADDED ENTRY--TOPICAL TERM | |
| Topical Term | B |
| 942 ## - ADDED ENTRY ELEMENTS (KOHA) | |
| Koha item type | Books |
| Accession Number | Price effective from | Koha item type | Withdrawn / writtenoff status | Materials specified (bound volume or other part) | Damaged status | Not for loan | Permanent Location | Current Location | Shelving location | Date acquired | Lost/ Missing status | department |
|---|---|---|---|---|---|---|---|---|---|---|---|---|
| B 7101 | 10/30/2022 | Books | MIET Library, Jammu | MIET Library, Jammu | BL-, FL-, CUP-0, SH-0, R-0 | 02/12/2016 | BE | |||||
| B 7102 | 10/30/2022 | Books | MIET Library, Jammu | MIET Library, Jammu | BL-, FL-, CUP-0, SH-0, R-0 | 02/12/2016 | BE |